000 00305nam a2200133Ia 4500
100 _aAbhyankar/ K.D.
942 _cBK
654 _aAstrophysics
245 _aAstrophysics Stars and Galaxies
260 _bTata Mc Graw hill
_aNew Delhi
_c1992
082 _a523.01
_bABH
546 _aENGLISH
999 _c28660
_d28660